| 000 | 00514nam a2200193Ia 4500 | ||
|---|---|---|---|
| 005 | 20250923145940.0 | ||
| 008 | 008 250917s9999 xx 000 0 eng d | ||
| 037 | _aTextual | ||
| 040 |
_aDSWL _beng _cDSWL |
||
| 041 |
_aeng _2eng |
||
| 084 |
_anl,M64, N96 _qDSWL |
||
| 245 | 0 |
_aStateman's year book, 1996-97 _cEd. by B. Hunter |
|
| 260 |
_aLondon _bMacmillan _c1996 |
||
| 300 | _aliii,1698p. | ||
| 365 |
_aGBP _b49 |
||
| 925 | _g49 | ||
| 942 |
_cTEXL _hnl,M64, N96 |
||
| 999 |
_c1457691 _d1457691 |
||